عرض عادي
عرض مارك
- شبكات الاتصالات السلكية واللاسلكية.
مدخل مصطلح موضوعي
001 - رقم الضبط
- حقل الضبط: 20093
003 - معرف رقم الضبط
- حقل الضبط: OSt
005 - تاريخ ووقت أخر عملية
- حقل الضبط: 20130129112325.0
008 - عناصر بيانات ثابتة الطول
- حقل تحكم ثابت الطول: 130129|||a|||||| | ||| d
040 ## - مصدر الفهرسة
- هيئة الفهرسة الأصلية: OSt
- وكالة الكتابة: OSt
150 ## - مدخل-- مصطلح تاريخي
- عنصر مدخل المصطلح الموضوعي او الاسم الجغرافي: شبكات الاتصالات السلكية واللاسلكية.
670 ## - بيانات المصدر موجوده
- الاستشهاد بالمصدر: Work cat.: (OSt)25179: حسين، أسامة سمير. 14001, ثورة الحاسوب والإتصالات /, 2011.
